000 01183nas a2200397 4500
001 BR0205275
003 BR-BrBNA
005 20231205103328.0
007 ta
008 230509b bl.|||p| |||| 00| 00por d
040 _aBR-BrBNA
_bpor
_cBiblioteca Nacional de Agricultura
041 _a(Pt)
072 _aL02; L50; L74
100 1 _aSilva, F.A. da
100 1 _aMoraes, G.H.K. de
100 1 _aRodrigues, A.C.P.
100 1 _aFonseca, C.C.
100 1 _aOliveira, M.G. de A.
100 1 _aAlbino, L.F.T.
100 1 _aRostagno, H.S.
100 1 _aMinafra, C.S.
245 1 _aEfeitos do ácido L-glutâmico e da vitamina D3 na composição química de fêmures e tibiotarsos de pintos de corte
650 _aPINTO DE CORTE
650 _aVITAMINA D
650 _aÁCIDO GLUTÂMICO
650 _aDIETA
650 _aCOMPOSIÇÃO QUÍMICA
650 _aDISTÚRBIO
650 _aOSSO
650 _aPERNA
650 _aCÁLCIO
650 _aFÓSFORO
773 0 _tRevista Brasileira de Zootecnia (Brazil)
_xISSN 1516-3598
_g(Nov-Dec 2001), v. 30(6)Suplemento p. 2078-2085
_wBR0205275
909 _a202311
_bLúcia
_c55
_dLúcia Elande
942 _2AGRIS
_n0
_cANA
999 _c172294
_d172294